Lewis's medical surgical nursing : an assessment and management of clinical problems (Record no. 83555)

MARC details
000 -LEADER
fixed length control field 01017 a2200313 4500
003 - CONTROL NUMBER IDENTIFIER
control field CBULib
005 - DATE AND TIME OF LATEST TRANSACTION
control field 20231211090502.0
008 - FIXED-LENGTH DATA ELEMENTS--GENERAL INFORMATION
fixed length control field 231201b |||||||| |||| 00| 0 eng d
020 ## - INTERNATIONAL STANDARD BOOK NUMBER
International Standard Book Number 9780323551502 (vol. 1)
020 ## - INTERNATIONAL STANDARD BOOK NUMBER
International Standard Book Number 9780323551519 (vol. 2)
040 ## - CATALOGING SOURCE
Language of cataloging English
Transcribing agency CBULib
Description conventions rda
041 ## - LANGUAGE CODE
Language code of text/sound track or separate title eng
050 ## - LIBRARY OF CONGRESS CALL NUMBER
Classification number RT 41 Har
100 ## - MAIN ENTRY--PERSONAL NAME
Personal name Harding, Mariann M.
245 ## - TITLE STATEMENT
Title Lewis's medical surgical nursing : an assessment and management of clinical problems
Statement of responsibility, etc / by Mariann M. Harding
250 ## - EDITION STATEMENT
Edition statement Eleventh edition
260 ## - PUBLICATION, DISTRIBUTION, ETC. (IMPRINT)
Name of publisher, distributor, etc Elsevier,
Date of publication, distribution, etc 2020.
Place of publication, distribution, etc St. Louis, Missouri :
300 ## - PHYSICAL DESCRIPTION
Extent 2 volumes (xxiii, 1623, I-50 pages : illustrations)
336 ## - CONTENT TYPE
Source rdacontent
Content type term Text |
Content type code txt
337 ## - MEDIA TYPE
Source rdamedia
Media type term Unmediated |
Media type code n
338 ## - CARRIER TYPE
Source rdacarrier
Carrier type term Volume
Carrier type code nc
650 #0 - SUBJECT ADDED ENTRY--TOPICAL TERM
Source of heading or term OCLC
9 (RLIN) 1151
Topical term or geographic name as entry element NURSING
650 #0 - SUBJECT ADDED ENTRY--TOPICAL TERM
Source of heading or term OCLC
9 (RLIN) 1215
Topical term or geographic name as entry element SURGICAL NURSING
700 ## - ADDED ENTRY--PERSONAL NAME
9 (RLIN) 1216
Personal name Kwong, Jeffrey
700 ## - ADDED ENTRY--PERSONAL NAME
9 (RLIN) 1217
Personal name Hagler, Debra
700 ## - ADDED ENTRY--PERSONAL NAME
9 (RLIN) 1218
Personal name Roberts, Dottie
700 ## - ADDED ENTRY--PERSONAL NAME
9 (RLIN) 1219
Personal name Reinisch, Courtney
942 ## - ADDED ENTRY ELEMENTS (KOHA)
Source of classification or shelving scheme
Koha item type MONOGRAPH
Holdings
Withdrawn status Lost status Source of classification or shelving scheme Damaged status Not for loan Collection code Permanent Location Current Location Shelving location Date acquired Source of acquisition Total Checkouts Full call number Barcode Date last seen Copy number Price effective from Koha item type
          Michael Chilufya Sata Collection CBU-MICHAEL CHILUFYA SATA LIBRARY CBU-MAIN LIBRARY, KITWE. General Stacks 12/01/2023 DON-BOOKAID   RT 41 Har 905370 12/01/2023 1 12/01/2023 MONOGRAPH
          Michael Chilufya Sata Collection CBU-MICHAEL CHILUFYA SATA LIBRARY CBU-MAIN LIBRARY, KITWE. General Stacks 12/01/2023 DON-BOOKAID   RT 41 Har 905371 12/01/2023 2 12/01/2023 MONOGRAPH